000 00823nam a2200277 i 4500
001 14281
003 BD-RjUL
005 20211208235612.0
008 140205s1976 nyu 001 0 eng
020 _a0448121573 :
035 _a(BD-RjUL)14333
040 _aDLC
_cDLC
_dDLC
_dBD-RjUL
_beng
041 _aeng
082 0 0 _a650.1
_bNAG 1976
100 1 _aNash, Katherine.
_944596
245 1 0 _aGet the best of yourself :
_bhow to find your success pattern and make it work for you /
_cKatherine Nash.
260 _aNew York :
_bGrosset & Dunlap,
_cc1976.
300 _avii, 182 p. ;
_c24 cm.
504 _aIncludes index.
650 0 _aSuccess.
_942064
650 0 _aVocational guidance.
_944597
650 0 _aApplications for positions.
_943717
942 _2ddc
_cBK
999 _c14281
_d14281